[Event "UKR-ch sf U16"]
[Site "Nikolaev"]
[Date "2009.12.11"]
[Round "8"]
[White "Linker, Mikhail"]
[Black "Derevianchenko, Ilia"]
[Result "0-1"]
[WhiteElo "1947"]
[BlackElo "2042"]
[PlyCount "80"]
[EventDate "2009.12.04"]
[EventType "swiss"]
[EventRounds "9"]
[EventCountry "UKR"]
[SourceTitle "EXT 2011"]
[Source "ChessBase"]
[SourceDate "2010.11.26"]
[SourceVersion "1"]
[SourceVersionDate "2010.11.26"]
[SourceQuality "1"]

1. e4 c5 2. Nf3 Nc6 3. d4 cxd4 4. Nxd4 Nf6 5. Nc3 e6 6. Nxc6 bxc6 7. e5 Nd5 8. Ne4 f5 9. exf6 Nxf6 10. Nd6+ Bxd6 11. Qxd6 Qb6 12. Bd3 c5 13. Bf4 Bb7 14. 0-0 Rc8 15. Rad1 Qxd6 16. Bxd6 c4 17. Be2 Bd5 18. b4 Rc6 19. Bc5 a5 20. Bd4 axb4 21. Rb1 0-0 22. Rxb4 e5 23. Bxe5 Re6 24. Bxf6 Rxe2 25. Bg5 Rxc2 26. a4 Ra2 27. Rb5 Bc6 28. Rc5 Bxa4 29. Be3 Bc2 30. Rc7 Bf5 31. Re1 Be6 32. Bd4 Rd2 33. Bc5 Rb8 34. Be3 Rdb2 35. Ra7 c3 36. Rc7 c2 37. Rc1 Bb3 38. Rxd7 Rb1 39. Kf1 Ra8 40. Ke2 Raa1 0-1

[Event "UKR-ch sf U16"]
[Site "Nikolaev"]
[Date "2008.11.08"]
[Round "7"]
[White "Derevianchenko, Ilia"]
[Black "Volovikov, Anton"]
[Result "0-1"]
[WhiteElo "2031"]
[BlackElo "2234"]
[PlyCount "82"]
[EventDate "2008.11.02"]
[EventType "swiss"]
[EventRounds "9"]
[EventCountry "UKR"]
[SourceTitle "EXT 2010"]
[Source "ChessBase"]
[SourceDate "2010.11.25"]
[SourceVersion "1"]
[SourceVersionDate "2010.11.25"]
[SourceQuality "1"]

1. b4 e5 2. Bb2 Bxb4 3. Bxe5 Nf6 4. c3 Ba5 5. Nf3 Nc6 6. Bf4 d5 7. Ne5 Nxe5 8. Bxe5 0-0 9. Qa4 Bb6 10. e3 Qe7 11. d4 Ng4 12. Bg3 f5 13. Be2 h5 14. Qb3 c6 15. c4 Be6 16. c5 Bc7 17. h3 Nf6 18. Bh4 Qd7 19. Bxf6 Rxf6 20. f4 Bf7 21. Kf2 Re8 22. h4 Rfe6 23. Rh3 Bxf4 24. exf4 Rxe2+ 25. Kg1 Re1+ 26. Kh2 R8e4 27. Qc3 Qc7 28. Rf3 Rxf4 29. Qxe1 Rxf3+ 30. Kg1 Rf4 31. Nd2 Rxd4 32. Nf3 Re4 33. Qd2 Qe7 34. Qa5 a6 35. Rb1 Re2 36. a4 d4 37. Rd1 Bd5 38. Rxd4 Qe3+ 39. Kh1 Bxf3 40. Qd8+ Kh7 41. Rd3 Bxg2+ 0-1

[Event "UKR-ch sf"]
[Site "Alushta"]
[Date "2008.05.18"]
[Round "8"]
[White "Derevianchenko, Ilia"]
[Black "Volosozhar, Danil"]
[Result "1/2-1/2"]
[WhiteElo "1982"]
[BlackElo "1840"]
[PlyCount "115"]
[EventDate "2008.05.10"]
[EventType "swiss"]
[EventRounds "9"]
[EventCountry "UKR"]
[SourceTitle "CBM 124 Extra"]
[Source "ChessBase"]
[SourceDate "2008.07.03"]
[SourceVersion "1"]
[SourceVersionDate "2008.07.03"]
[SourceQuality "1"]

1. e4 e6 2. Qe2 c5 3. g3 Nc6 4. Nf3 Be7 5. Bg2 d5 6. exd5 exd5 7. 0-0 Nf6 8. d4 cxd4 9. Qd3 0-0 10. Nxd4 Bc5 11. Nb3 Bb6 12. c3 Re8 13. Na3 Bg4 14. Be3 Bxe3 15. fxe3 Ne5 16. Qd4 Qb6 17. h3 Be2 18. Rf5 Nc4 19. Re1 Nxa3 20. Rxe2 Nc4 21. Kf2 Nd6 22. Rf4 Nde4+ 23. Bxe4 Rxe4 24. Qxb6 axb6 25. a3 Rae8 26. Nd2 Rxf4+ 27. exf4 Ne4+ 28. Nxe4 dxe4 29. Ke3 f5 30. Rd2 Kf7 31. Rd5 g6 32. g4 Kf6 33. c4 Re6 34. b3 h5 35. gxh5 gxh5 36. Rd8 Re7 37. Rf8+ Kg6 38. Rd8 Kf6 39. a4 h4 40. Rh8 Rg7 41. Rxh4 Rg3+ 42. Ke2 Rxb3 43. Rh7 Rb4 44. Rxb7 Rxc4 45. Rxb6+ Kg7 46. a5 Rc2+ 47. Kd1 Rc3 48. h4 Rh3 49. Kc2 Rxh4 50. a6 Rh2+ 51. Kb3 Rh1 52. Kc4 Ra1 53. Kb5 Ra2 54. Re6 Kf7 55. Re5 Kg6 56. Kb6 Kh5 57. Rxf5+ Kg4 58. Ra5 1/2-1/2

[Event "UKR-ch sf"]
[Site "Alushta"]
[Date "2008.05.14"]
[Round "4"]
[White "Klementev, Oleg"]
[Black "Derevianchenko, Ilia"]
[Result "1-0"]
[WhiteElo "2255"]
[BlackElo "1982"]
[PlyCount "93"]
[EventDate "2008.05.10"]
[EventType "swiss"]
[EventRounds "9"]
[EventCountry "UKR"]
[SourceTitle "CBM 124 Extra"]
[Source "ChessBase"]
[SourceDate "2008.07.03"]
[SourceVersion "1"]
[SourceVersionDate "2008.07.03"]
[SourceQuality "1"]

1. e4 c5 2. Nf3 Nc6 3. Nc3 e6 4. g3 Nge7 5. Bg2 g6 6. 0-0 Bg7 7. d3 0-0 8. Be3 b6 9. Qd2 Re8 10. Bh6 Bh8 11. Nh4 d5 12. Rae1 d4 13. Nd1 Qc7 14. f4 Bd7 15. f5 e5 16. Nf2 Nd8 17. Ng4 Qd6 18. Bh3 b5 19. Qf2 Bc8 20. fxg6 hxg6 21. Bg5 Bxg4 22. Bxg4 a5 23. Qg2 f6 24. Bd2 Nf7 25. Rf2 Ra6 26. Ref1 Bg7 27. Qh3 c4 28. Bd1 Qe6 29. Bg4 Qd6 30. b3 c3 31. Bc1 b4 32. Bd7 Rb8 33. Ba4 Qe6 34. g4 g5 35. Nf5 Nxf5 36. gxf5 Qd6 37. Qh5 Kf8 38. h4 Bh6 39. hxg5 Bxg5 40. Bxg5 Nxg5 41. Qh6+ Ke7 42. Qg7+ Nf7 43. Rg2 Rh8 44. Bb5 Raa8 45. Bc4 Rhf8 46. Rg6 a4 47. Be6 1-0

[Event "UKR-ch sf"]
[Site "Alushta"]
[Date "2008.05.11"]
[Round "1"]
[White "Melnichuk, Mikhail"]
[Black "Derevianchenko, Ilia"]
[Result "1-0"]
[WhiteElo "2279"]
[BlackElo "1982"]
[PlyCount "69"]
[EventDate "2008.05.10"]
[EventType "swiss"]
[EventRounds "9"]
[EventCountry "UKR"]
[SourceTitle "CBM 124 Extra"]
[Source "ChessBase"]
[SourceDate "2008.07.03"]
[SourceVersion "1"]
[SourceVersionDate "2008.07.03"]
[SourceQuality "1"]

1. d4 Nf6 2. c4 g6 3. Nc3 Bg7 4. e4 d6 5. Nf3 0-0 6. Be2 e5 7. 0-0 Nc6 8. d5 Ne7 9. b4 a5 10. Ba3 Nd7 11. Nd2 f5 12. Nb3 axb4 13. Bxb4 b6 14. a4 Nc5 15. Bf3 Ba6 16. Nd2 Bh6 17. Nb5 Bxd2 18. Bxd2 fxe4 19. Be2 Nf5 20. a5 Bxb5 21. cxb5 bxa5 22. Rxa5 Nd4 23. Bc4 Qh4 24. Rxa8 Rxa8 25. Be3 Ra4 26. Bxd4 Rxc4 27. Be3 h5 28. Qe2 Rb4 29. Qa2 Qd8 30. Rb1 Rxb1+ 31. Qxb1 Qa8 32. Bxc5 dxc5 33. d6 cxd6 34. b6 Qb7 35. Qa2+ 1-0